Risks and precautions (Record no. 97533)

MARC details
000 -LEADER
fixed length control field 00621cam a2200217 4500
001 - CONTROL NUMBER
control field M95449
008 - FIXED-LENGTH DATA ELEMENTS--GENERAL INFORMATION
fixed length control field 090401t1998 xxu||||| |||| 00| 0 eng d
035 ## - SYSTEM CONTROL NUMBER
System control number (Sirsi) u90108
041 ## - LANGUAGE CODE
Language code of text/sound track or separate title eng
050 ## - LIBRARY OF CONGRESS CALL NUMBER
Classification number 346.4103
-- 18
110 ## - MAIN ENTRY--CORPORATE NAME
Corporate name or jurisdiction name as entry element Royal Institution of Chartered Surveyors
9 (RLIN) 4900
245 ## - TITLE STATEMENT
Title Risks and precautions
Remainder of title your liabilities as a chartered surveyor.
260 ## - PUBLICATION, DISTRIBUTION, ETC.
Place of publication, distribution, etc. London
Name of publisher, distributor, etc. RICS
Date of publication, distribution, etc. 1998
300 ## - PHYSICAL DESCRIPTION
Extent 4p.
Dimensions 30cm.
350 ## - PRICE (NR) (BK AM CF MU VM SE) [OBSOLETE]
Price 0
650 ## - SUBJECT ADDED ENTRY--TOPICAL TERM
Topical term or geographic name entry element SURVEYORS' LIABILITIES
650 ## - SUBJECT ADDED ENTRY--TOPICAL TERM
Topical term or geographic name entry element PROFESSIONAL CONDUCT
690 ## - LOCAL SUBJECT ADDED ENTRY--TOPICAL TERM (OCLC, RLIN)
Topical term or geographic name as entry element MANAGEMENT-BUSINESS MANAGEMENT-PROFESSIONAL PRACTICE
942 ## - ADDED ENTRY ELEMENTS (KOHA)
Suppress in OPAC 0
948 ## - LOCAL PROCESSING INFORMATION (OCLC); SERIES PART DESIGNATOR (RLIN)
c (OCLC) 02/12/1998
Holdings
Withdrawn status Lost status Source of classification or shelving scheme Damaged status Not for loan Home library Current library Shelving location Date acquired Total Checkouts Full call number Barcode Date last seen Copy number Price effective from Koha item type Date last checked out
    Dewey Decimal Classification     London London RICS Boxes 14/09/1999   RICS 1998/59 30056988 06/08/2019 1 06/08/2019 Reference material  
    Dewey Decimal Classification     London London RICS Boxes 14/09/1999   RICS 1998/59 30056989 06/08/2019 2 06/08/2019 Reference material  
    Dewey Decimal Classification     London London RICS Boxes 14/09/1999 4 RICS 1998/59 30056990 06/08/2019 3 06/08/2019 Book 15/10/2001
    Dewey Decimal Classification     Virtual Virtual Online 18/12/2003   ONLINE PUBLICATION 90108-2001 06/08/2019 1 06/08/2019 Book